| 000 | 00924nas a2200277 4500 | ||
|---|---|---|---|
| 001 | BR8301051 | ||
| 003 | BR-BrBNA | ||
| 005 | 20231205085445.0 | ||
| 007 | ta | ||
| 008 | 230509b bl.|||p| |||| 00| 00por d | ||
| 040 |
_aBR-BrBNA _bpor _cBiblioteca Nacional de Agricultura |
||
| 041 | _a(Pt) | ||
| 072 | _aL32 | ||
| 100 | 1 | _aTosi, H. | |
| 100 | 1 | _aFaria, V.P. de | |
| 100 | 1 | _aGutierrez, L.E. | |
| 100 | 1 | _aSilveira, A.C. | |
| 245 | 1 | _aAvaliacao do capim-elefante, cultivar Taiwan A-148, como planta para ensilagem [Pennisetum purpureum] | |
| 246 | 1 | _aEvaluation of elephant grass Taiwan A-148 cultivar for ensilage [Pennisetum purpureum] | |
| 650 | _aCAPIM ELEFANTE | ||
| 650 | _aENSILAGEM | ||
| 650 | _aVALOR NUTRITIVO | ||
| 773 | 0 |
_tPesquisa Agropecuaria Brasileira (Brazil) _xISSN 0100-204X _g(Mar 1983), v. 18(3) p. 295-299 _wBR8301051 |
|
| 909 |
_a202311 _bLúcia _c55 _dLúcia Elande |
||
| 942 |
_2AGRIS _n0 _cANA |
||
| 999 |
_c111551 _d111551 |
||